000 00657nam a2200229Ia 4500
003 OSt
005 20221007080052.0
006 a|||||r|||| 00| 0
007 ta
008 221006b |||||||| |||| 00| 0 eng d
024 _a16,453
037 _cTextual
040 _aFLL
_cFLL
_beng
041 _2eng
_aeng
082 _aX9F.4477.N8, M8
100 _aJain S. Au.
_9694584
245 0 _aSexual equality
_b Workers in an asian plantation system
260 _aNew Delhi
_bSterling publishers private limited India
_c1988
300 _a139p
_ccm.
942 _hX9F.4477.N8, M8
_cTEXL
_2CC
999 _c1158269
_d1158269